000 00317nam a2200145Ia 4500
005 20250423094622.0
008 250422s9999 xx 000 0 und d
020 _a0995678820
245 0 _aBonny & rare : a kingdom
260 _aBonny
260 _bNigeria LNG
260 _c2008
300 _a103 p
942 _cBK
999 _c27786
_d27786